| 000 | 00591nam a22001697a 4500 | ||
|---|---|---|---|
| 082 | _a670.5 | ||
| 100 | _aBukhari, Pakeeza | ||
| 245 |
_a Solving Type 2 Simple Assembly Line Balancing Problem through a Direct Ant Colony Optimization Technique _cPakeeza Bukhari. |
||
| 260 |
_aIslamabad: _bSMME - NUST, _c2015. |
||
| 300 |
_a87 p.: ill.; _c30cm. |
||
| 650 |
_aMS-Thesis. _918721 |
||
| 700 |
_aDr. Riaz Ahmed. _917158 |
||
| 856 | _uhttp://10.250.8.41:8080/xmlui/handle/123456789/10646 | ||
| 942 |
_2ddc _cTHE |
||
| 999 |
_c529080 _d529080 |
||